LEADER 01951nam 2200565 450 001 9910809350703321 005 20230803222511.0 010 $a1-55570-971-0 035 $a(CKB)2560000000148151 035 $a(EBL)1672833 035 $a(SSID)ssj0001181450 035 $a(PQKBManifestationID)11634843 035 $a(PQKBTitleCode)TC0001181450 035 $a(PQKBWorkID)11145492 035 $a(PQKB)10643109 035 $a(Au-PeEL)EBL1672833 035 $a(CaPaEBR)ebr10860405 035 $a(OCoLC)876514453 035 $a(MiAaPQ)EBC1672833 035 $a(EXLCZ)992560000000148151 100 $a20130425d2014 uy| 0 101 0 $aeng 135 $aur|n|---||||| 181 $ctxt 182 $cc 183 $acr 200 10$aGoogle search secrets /$fMichael P. Sauers and Christa Burns 210 1$aChicago :$cALA Neal-Schuman,$d2014. 215 $a1 online resource (225 p.) 300 $aDescription based upon print version of record. 311 $a1-55570-923-0 320 $aIncludes bibliographical references and index. 327 $aWelcome to Google -- Google web search -- Google Images -- Google News -- Google Videos -- Google Maps -- Google blog search -- Google Scholar -- Google Patents -- Google Books -- Google Alerts -- Google search tips and tricks. 330 $aBurns and Sauers reveal the secrets of effective Google searches in this invaluable resource showing how to get the most out of the service. 606 $aWeb search engines 606 $aWeb applications 606 $aDatabase searching 615 0$aWeb search engines. 615 0$aWeb applications. 615 0$aDatabase searching. 676 $a025.04252 700 $aSauers$b Michael P.$0769174 702 $aBurns$b Christa 801 0$bMiAaPQ 801 1$bMiAaPQ 801 2$bMiAaPQ 906 $aBOOK 912 $a9910809350703321 996 $aGoogle search secrets$94109214 997 $aUNINA LEADER 01118oam 2200373zu 450 001 9911004701403321 005 20210807000012.0 010 $a1-60119-203-7 035 $a(CKB)1000000000327191 035 $a(SSID)ssj0000073010 035 $a(PQKBManifestationID)11980043 035 $a(PQKBTitleCode)TC0000073010 035 $a(PQKBWorkID)10103655 035 $a(PQKB)10667578 035 $a(EXLCZ)991000000000327191 100 $a20160829d2002 uy 101 0 $aeng 181 $ctxt 182 $cc 183 $acr 200 10$aSpacecraft Thermal Control Handbook 210 31$a[Place of publication not identified]$cAerospace Press$d2002 300 $aBibliographic Level Mode of Issuance: Monograph 311 $a1-884989-11-X 606 $aEngineering$xAerospace and Aeronautics 615 4$aEngineering$xAerospace and Aeronautics 700 $aGilmore$b David G.$0144225 701 $aGilmore$b David G 701 $aDonabedian$b Martin$01822298 801 0$bPQKB 906 $aBOOK 912 $a9911004701403321 996 $aSpacecraft Thermal Control Handbook$94388431 997 $aUNINA LEADER 01259nas 2200373-a 450 001 9910144249503321 005 20260218110856.0 035 $a(CKB)991042728074038 035 $a(CONSER)---89645403- 035 $a(DE-599)ZDB2392361-1 035 $a(DE-599)2392361-1 035 $a(EXLCZ)99991042728074038 100 $a19860306b19821992 -a- - 101 0 $aspa 181 $ctxt$2rdacontent 200 10$aAnuario estadístico de Costa Rica 210 $aSan José, Costa Rica $cMinisterio de Economía y Comercio, Dirección General de Estadística y Censos 215 $a1 online resource 311 08$a1409-1941 606 $aSTATISTICS$2unbist 606 $aCOSTA RICA$2unbist 607 $aCosta Rica$vStatistics$vPeriodicals 607 $aCosta Rica$2fast$1https://id.oclc.org/worldcat/entity/E39PBJdcwt8mjYRVCxv8mgQTHC 608 $aPeriodicals.$2fast 608 $aStatistics.$2fast 615 17$aSTATISTICS. 615 17$aCOSTA RICA. 712 02$aCosta Rica.$bDireccio?n General de Estadi?stica y Censos. 712 02$aCosta Rica.$bArea de Estadi?stica y Censos. 906 $aJOURNAL 912 $a9910144249503321 920 $aexl_impl conversion 996 $aAnuario estadístico de Costa Rica$91997738 997 $aUNINA